Levels and trends of public expenditure on secondary education: a study of northern states, India (1991-2007) (Record no. 86979)

000 -LEADER
fixed length control field 00572pab a2200193 454500
008 - FIXED-LENGTH DATA ELEMENTS--GENERAL INFORMATION
fixed length control field 180718b2009 xxu||||| |||| 00| 0 eng d
100 ## - MAIN ENTRY--PERSONAL NAME
Personal name Gill, Angrej Singh
245 ## - TITLE STATEMENT
Title Levels and trends of public expenditure on secondary education: a study of northern states, India (1991-2007)
260 ## - PUBLICATION, DISTRIBUTION, ETC.
Date of publication, distribution, etc. 2009
300 ## - PHYSICAL DESCRIPTION
Extent p.209-29.
362 ## - DATES OF PUBLICATION AND/OR SEQUENTIAL DESIGNATION
Dates of publication and/or sequential designation Jan-Dec
650 ## - SUBJECT ADDED ENTRY--TOPICAL TERM
Topical term or geographic name entry element Public expenditure - India
650 ## - SUBJECT ADDED ENTRY--TOPICAL TERM
Topical term or geographic name entry element Secondary education - India
650 ## - SUBJECT ADDED ENTRY--TOPICAL TERM
Topical term or geographic name entry element Secondary education
700 ## - ADDED ENTRY--PERSONAL NAME
Personal name Brar, Jaswinder Singh
773 ## - HOST ITEM ENTRY
Main entry heading IASSI Quarterly
908 ## - PUT COMMAND PARAMETER (RLIN)
Put command parameter N
909 ## -
-- 86979
Holdings
Withdrawn status Lost status Damaged status Not for loan Permanent Location Current Location Date acquired Serial Enumeration / chronology Barcode Date last seen Price effective from Koha item type
        Indian Institute of Public Administration Indian Institute of Public Administration 2018-07-19 Volume no: 28, Issue no: Special issue AR87439 2018-07-19 2018-07-19 Articles

Powered by Koha